000 00482nam a2200181Ia 4500
008 240729s9999 xx 000 0 und d
022 _a1757-4684
245 0 _aEMBO Molecular Medicine
260 _aUnited Kingdom
260 _bSpringer Nature
650 _a Biology (General)
650 _a Genetics
650 _a Medicine (General) | Science
650 _aMedicine
856 _uhttps://doaj.org/toc/59f937af8d5c464a82c6747c5a5aad87
942 _2ddc
942 _cDOAJEJ
999 _c67474
_d67474
945 _a1
_bMadushi Gamage
_c1
_dMadushi Gamage